[Event "ROM-ch U08"]
[Site "Calimanesti Caciulata"]
[Date "2019.04.19"]
[Round "6"]
[White "Stanciu, Albert Nicolae"]
[Black "Boc, David Daniel"]
[Result "1/2-1/2"]
[WhiteElo "1067"]
[BlackElo "1001"]
[PlyCount "115"]
[EventDate "2019.04.15"]
[EventType "swiss"]
[EventRounds "9"]
[EventCountry "ROU"]
[SourceTitle "CBM 190 Extra"]
[Source "ChessBase"]
[SourceDate "2019.07.15"]
[SourceVersion "1"]
[SourceVersionDate "2019.07.15"]
[SourceQuality "1"]

1. e4 d5 2. exd5 Qxd5 3. Nc3 Qa5 4. a3 Nf6 5. b4 Qb6 6. Nf3 c6 7. d3 Ng4 8. Qe2 g6 9. Be3 Nxe3 10. Qxe3 Qxe3+ 11. fxe3 Bg7 12. d4 b6 13. Ne5 c5 14. bxc5 bxc5 15. Bb5+ Nd7 16. Nxd7 Bxd7 17. Bxd7+ Kxd7 18. Ne2 f5 19. g3 cxd4 20. Nxd4 Bh6 21. Rd1 Bxe3 22. Nxf5+ Ke8 23. Nxe3 Rc8 24. Kd2 Kf7 25. Rhf1+ Kg7 26. Kc1 Rhe8 27. Rd7 Rc3 28. Nd5 Rxa3 29. Rf2 Ra1+ 30. Kb2 Re1 31. Rf6 Rh1 32. h4 Rg1 33. Rf3 Rd1 34. c4 Kh6 35. Kc2 Rd4 36. Kc3 Rd1 37. Rd3 Rxd3+ 38. Kxd3 Kh5 39. Ne3 h6 40. c5 Rc8 41. Rxe7 Rxc5 42. Rxa7 g5 43. hxg5 hxg5 44. g4+ Kh4 45. Kd4 Rb5 46. Rh7+ Kg3 47. Rg7 Ra5 48. Ke4 Ra4+ 49. Kf5 Ra3 50. Rxg5 Rxe3 51. Rh5 Re8 52. g5 Rg8 53. g6 Kf3 54. Kf6 Kg4 55. Kf7 Kxh5 56. g7 Ra8 57. g8Q Rxg8 58. Kxg8 1/2-1/2